Česká Národní Banka výroční zpráva 2002

Gespeichert in:
Bibliographische Detailangaben
Format: Buch
Sprache:Tschechisch
Veröffentlicht: Praha Česká národní banka 2002
Schlagworte:
Tags: Tag hinzufügen
Keine Tags, Fügen Sie das erste Tag hinzu!

MARC

LEADER 00000nam$a2200000$$$4500
001 0024473
005 20221129100835.1
041 0 |a cze 
044 |a CZ 
245 1 0 |a Česká Národní Banka  |b výroční zpráva 2002 
264 1 |a Praha  |b Česká národní banka  |c 2002 
300 |a 87 s.  |e 1 CD-ROM 
610 2 0 |a banky 
610 2 0 |a bankovníctvo 
610 2 0 |a štruktúra organizačná 
610 2 0 |a bilancie 
610 2 0 |a závierka účtovná 
610 2 0 |a audit 
610 2 0 |a integrácia ekonomická medzinárodná 
610 2 0 |a politika menová 
610 2 0 |a vývoj menový 
610 2 0 |a rezervy devízové 
610 2 0 |a dohľad bankový 
610 2 0 |a výskum ekonomický 
610 2 0 |a obeh peňažný 
610 2 0 |a styk platobný 
610 2 0 |a licencie 
610 2 0 |a ČNB Praha